Khawvel ah um nalai Khawvel mi chu hi talo: (Record no. 5384)

MARC details
000 -LEADER
fixed length control field 00492nam a22001697a 4500
003 - CONTROL NUMBER IDENTIFIER
control field GBCCL
005 - DATE AND TIME OF LATEST TRANSACTION
control field 20241126110540.0
008 - FIXED-LENGTH DATA ELEMENTS--GENERAL INFORMATION
fixed length control field 180316b ||||| |||| 00| 0 eng d
040 ## - CATALOGING SOURCE
Transcribing agency gbc
082 ## - DEWEY DECIMAL CLASSIFICATION NUMBER
Classification number VER 248.4
Item number KHA
100 ## - MAIN ENTRY--PERSONAL NAME
Personal name Khaizakham, Kh.
9 (RLIN) 8513
245 ## - TITLE STATEMENT
Title Khawvel ah um nalai Khawvel mi chu hi talo:
Remainder of title Gingtu kalchawih kisukdikna /
Statement of responsibility, etc. Kh. Khaizakham
260 ## - PUBLICATION, DISTRIBUTION, ETC.
Place of publication, distribution, etc. Lamka:
Name of publisher, distributor, etc. Henjang & Family,
Date of publication, distribution, etc. 2013
300 ## - PHYSICAL DESCRIPTION
Extent 103 p.;
Dimensions 21 cm.
650 ## - SUBJECT ADDED ENTRY--TOPICAL TERM
Topical term or geographic name entry element Christian life
9 (RLIN) 183
942 ## - ADDED ENTRY ELEMENTS (KOHA)
Source of classification or shelving scheme Dewey Decimal Classification
Koha item type Books
Koha issues (borrowed), all copies 3
Holdings
Withdrawn status Lost status Source of classification or shelving scheme Damaged status Not for loan Home library Current Library Shelving location Date acquired Total checkouts Full call number Barcode Date last seen Date last checked out Copy number Price effective from Koha item type
    Dewey Decimal Classification     GRACE BIBLE COLLEGE GRACE BIBLE COLLEGE Vernacular 2018-03-16 4 VER 248.4 KHA 010726 2025-05-08 2024-12-05 c.1 2018-03-16 Books
© Grace Bible College Library 2025